Základy účetnictví v příkladech a úlohách

Salvato in:
Dettagli Bibliografici
Autore principale: Doležal, Jan
Altri autori: Zelenka, Vladimír
Natura: Libro
Lingua:ceco
Pubblicazione: Praha VŠE - Fakulta řízení 1988
Edizione:2. přeprac. vyd.
Tags: Aggiungi Tag
Nessun Tag, puoi essere il primo ad aggiungerne!!

MARC

LEADER 00000nam a2200000 4500
001 c037292
005 20221219090022.1
041 0 |a cze 
044 |a CZ 
245 1 0 |a Základy účetnictví v příkladech a úlohách  |c Jan Doležal, Vladimír Zelenka 
250 |a 2. přeprac. vyd. 
264 1 |a Praha  |b VŠE - Fakulta řízení  |c 1988 
300 |a 200 s. 
100 1 |a Doležal, Jan 
700 1 |a Zelenka, Vladimír